| 000 | 00581nam a2200205Ia 4500 | ||
|---|---|---|---|
| 005 | 20251121155642.0 | ||
| 008 | 230125s9999 xx 000 0 und d | ||
| 020 | _a9788184954968 | ||
| 041 | _aeng | ||
| 082 |
_a158.1 _bRIC |
||
| 100 |
_aRicotti S _9215346 |
||
| 245 |
_aStep Into Your Greatness _bUnsinkable: Powerfully Take Action Move Forward And Create A Life You Deserve! |
||
| 250 | _aEd.1st | ||
| 260 |
_c2014 _bJaico Publishing House _aMumbai |
||
| 300 | _a192p | ||
| 500 | _aPersonality Development | ||
| 700 |
_aRicotti S _9215346 |
||
| 906 | _b85.25 | ||
| 942 | _cBK | ||
| 999 |
_c94857 _d94857 |
||